MARC

LEADER 00000nas a2200000 a 4500
001 ssj0002510
003 WaSeSS
005 20200512172242.0
006 m d
007 cr n
008 971110c19899999enkqr pss 0 a0eng d
010 |a  2018207073 
015 |a GBA604986  |2 bnb 
016 7 |a 2009829 -7  |2 DE-600 
016 7 |a 013357344  |2 Uk 
016 7 |a 2009829 7  |2 DE-600 
022 |a 1369-1627  |l 0954-0261  |y 0954-0261 
030 |a IRPSE2 
035 |a (WaSeSS)ssj0002510 
037 |b Carfax International Publishers, PO Box 25, Abingdon, Oxfordshire, OX14 3UE, England 
040 |a F#A  |b eng  |e pn  |c F#A  |d OCL  |d AAA  |d OCLCQ  |d CGU  |d MUQ  |d AU@  |d OCLCQ  |d CEF  |d UKMGB  |d OCLCF  |d NUI  |d OCLCO  |d OCLCQ  |d VT2  |d ZAC  |d NLE  |d DLC  |d OCLCQ  |d WYU  |d OCLCO  |d OCLCA  |d U3W  |d OCLCO  |d OCLCQ  |d RDF  |d OCLCQ  |d SFB  |d OCLCA  |d OCLCQ  |d CNMTR  |d WaSeSS 
042 |a lccopycat 
050 0 0 |a RC435 
060 0 0 |a W1  |b IN834G 
082 0 4 |a 616.8905  |2 21 
084 |a FL 00  |2 blsrissc 
130 0 |a International review of psychiatry (Abingdon, England : Online) 
245 1 0 |a International review of psychiatry  |h [electronic resource]. 
260 |a Abingdon, Oxfordshire, England :  |b Carfax International Publishers,  |c 1989- 
310 |a Six issues a year,  |b 2006- 
321 |a Frequency varies,  |b 1989-2005 
362 1 |a Began with vol. 1, issue 1 (1989). 
500 |a Issues also have distinctive titles. 
506 |a License restrictions may limit access. 
538 |a Mode of access: World Wide Web. 
588 0 |a Vol. 1, issue 1 (1989); title from journal cover image on homepage (publisher's Web site, viewed Nov. 9, 1997). 
588 1 |a Vol. 30, issue 2 (2018) (Taylor & Francis Online, viewed June 27, 2018). 
650 0 |a Psychiatry  |v Periodicals. 
650 0 |a Psychology, Pathological  |v Periodicals. 
650 0 |a Mental illness  |v Periodicals. 
650 2 |a Mental Disorders. 
650 2 |a Psychiatry. 
650 2 |a Review Literature as Topic. 
650 6 |a Psychiatrie  |v Périodiques. 
650 6 |a Psychopathologie  |v Périodiques. 
650 6 |a Maladies mentales  |v Périodiques. 
650 7 |a Mental illness.  |2 fast  |0 (OCoLC)fst01016547 
650 7 |a Psychiatry.  |2 fast  |0 (OCoLC)fst01081152 
650 7 |a Psychology, Pathological.  |2 fast  |0 (OCoLC)fst01081609 
650 7 |a Psychiatry.  |2 ebps 
653 |a Medicine  |a Psychiatry 
653 2 |a Mental Disorders 
653 2 |a Psychiatry 
653 2 |a Review Literature 
655 0 |a Electronic journals. 
773 0 |t MasterFILE Elite.  |d Ipswich, MA : EBSCO Publishing, 1999- 
776 0 8 |i Print version:  |t International review of psychiatry (Abingdon, England)  |x 0954-0261  |w (DLC)sn 90031254  |w (OCoLC)21969370 
830 0 |a MasterFILE Elite electronic journal collection. 
850 |a DLC 
856 4 0 |z Full text available from Research Library: 06/01/1997 to 11/30/2000  |u https://search.proquest.com/publication/33503